<?xml version="1.0" encoding="UTF-8"?>
<collection xmlns="http://www.loc.gov/MARC21/slim">
    <record>
        <controlfield tag="001">30544</controlfield>
        <controlfield tag="005">20150902131048.0</controlfield>
        <datafield tag="037" ind1=" " ind2=" ">
            <subfield code="a">NORMAS-2014-106</subfield>
        </datafield>
        <datafield tag="245" ind1=" " ind2=" ">
            <subfield code="a">Adelanto de exámenes</subfield>
        </datafield>
        <datafield tag="260" ind1=" " ind2=" ">
            <subfield code="a">Zaragoza</subfield>
            <subfield code="b">Consejo de Gobierno de la Universidad de Zaragoza</subfield>
            <subfield code="c">2006-02-02</subfield>
        </datafield>
        <datafield tag="650" ind1=" " ind2=" ">
            <subfield code="a">Estudiantes </subfield>
        </datafield>
        <datafield tag="650" ind1=" " ind2=" ">
            <subfield code="a">Exámenes </subfield>
        </datafield>
        <datafield tag="653" ind1="1" ind2=" ">
            <subfield code="a">Estudiantes</subfield>
        </datafield>
        <datafield tag="653" ind1="1" ind2=" ">
            <subfield code="a">Evaluación y permanencia</subfield>
        </datafield>
        <datafield tag="700" ind1=" " ind2=" ">
            <subfield code="a">Consejo de Gobierno de la Universidad de Zaragoza</subfield>
        </datafield>
        <datafield tag="856" ind1="0" ind2=" ">
            <subfield code="f">secregen@unizar.es</subfield>
        </datafield>
        <datafield tag="856" ind1="4" ind2=" ">
            <subfield code="s">64491</subfield>
            <subfield code="u">http://zaguan.unizar.es/record/30544/files/norma_estudiantesAdelantoExamenes_2006_original.pdf</subfield>
            <subfield code="y">Normativa</subfield>
            <subfield code="z">1</subfield>
        </datafield>
        <datafield tag="920" ind1=" " ind2=" ">
            <subfield code="a">BOUZ 02-06 13/02/2006</subfield>
        </datafield>
        <datafield tag="980" ind1=" " ind2=" ">
            <subfield code="a">NORMAS</subfield>
        </datafield>
    </record>

    
</collection>